Abigáil egyptský tanec : pro hudbu dechovou /

Hlavní autor: Šmíd, František, 1886-1956
Jazyk: Nelze použít, není lingvistický obsah
Vydáno: Poděbrady : Fr. Šmíd, [1927?]
Edice: Edition Fr. Šmíd
Fyzický popis: 18 hlasů
Hudebniny Hudebniny
Uloženo v:
LEADER 00833ncm a22002292a 4500
001 001319944
003 CZ BrMZK
005 20131203133934.0
007 qu
008 130822s1927 xr |||||||||||||||||zxx d
040 |a BOA001  |b cze 
072 7 |a 785  |x Instrumentální hudba. Symfonická hudba. Hudba pro více nástrojů  |2 Konspekt  |9 9 
100 1 |a Šmíd, František,  |d 1886-1956  |7 jx20050617065  |4 cmp 
245 1 0 |a Abigáil  |h [hudebnina] :  |b egyptský tanec : pro hudbu dechovou /  |c Fr. Šmíd 
260 |a Poděbrady :  |b Fr. Šmíd,  |c [1927?] 
300 |a 18 hlasů 
490 1 |a Edition Fr. Šmíd. Sbírka skladeb vlastních i cizích 
830 0 |a Edition Fr. Šmíd 
910 |a BOA001  |b Mus4-0183.965 
990 |a MU 
991 |b 201308 
996 6 |b 2619577622  |c Mus4-0183.965  |l MZK  |r Sklad / do 1 hodiny  |n 0  |w 001354941  |u 000010  |a 1  |e BOA001  |j MZK50  |s P